Statistics for Millwall all-time top scorers

Click here to take the quiz!

General Stats

  • This quiz has been taken 6 times
  • The average score is 4 of 10

Answer Stats

GoalsNationalityPlayer% Correct
135EnglandNeil Harris
100%
56AustraliaTim Cahill
80%
92WalesSteve Morison
60%
44WalesTom Bradshaw
60%
42EnglandJed Wallace
40%
44England / WalesAiden O'Brien
20%
76EnglandLee Gregory
20%
42EnglandPaul Ifill
20%
39IrelandRichard Sadlier
20%
33EnglandSteve Claridge
Retired
0%

Score Distribution

Percentile by Number Answered

Percent of People with Each Score

Your Score History

You have not taken this quiz